Bangladesh / (Record no. 9928)
[ view plain ]
| 000 -LEADER | |
|---|---|
| fixed length control field | 01229nam a2200373 a 4500 |
| 001 - CONTROL NUMBER | |
| JCCL Control Number | 9928 |
| 003 - CONTROL NUMBER IDENTIFIER | |
| JCCL marc code | BD - JhCC |
| 005 - DATE AND TIME OF LATEST TRANSACTION | |
| control field | 20180403135149.0 |
| 008 - FIXED-LENGTH DATA ELEMENTS--GENERAL INFORMATION | |
| fixed length control field | 180403m19861988ii b 000 0 eng d |
| 020 ## - INTERNATIONAL STANDARD BOOK NUMBER | |
| International Standard Book Number | 8170030617 (v. 1) : |
| Terms of availability | Rs100.00 |
| 020 ## - INTERNATIONAL STANDARD BOOK NUMBER | |
| International Standard Book Number | 8170030684 (v. 2) : |
| Terms of availability | Rs100.00 |
| 020 ## - INTERNATIONAL STANDARD BOOK NUMBER | |
| International Standard Book Number | 817003096X (v.3) |
| 035 ## - SYSTEM CONTROL NUMBER | |
| system control number | (BD-JhCC)9928 |
| 040 ## - CATALOGING SOURCE | |
| Original cataloging agency | DLC |
| Transcribing agency | DLC |
| Modifying agency | BD-JhCC |
| 041 ## - LANGUAGE CODE | |
| Language code of Book | eng |
| 050 #0 - LIBRARY OF CONGRESS CALL NUMBER | |
| Classification number | DS393.4 |
| Item number | .B368 1986 |
| 082 ## - DEWEY DECIMAL CLASSIFICATION NUMBER | |
| Classification number | 954.9/2 |
| DDC Edition number | 19 |
| Author mark and Year | BAN 1986 |
| 245 00 - TITLE STATEMENT | |
| Title | Bangladesh / |
| Statement of responsibility, etc | edited by Noazesh Ahmed and Naib Uddin Ahmed |
| 260 ## - PUBLICATION, DISTRIBUTION, ETC. (IMPRINT) | |
| Place of publication, distribution, etc | New Delhi : |
| Name of publisher, distributor, etc | South Asian Publishers, |
| Date of publication, distribution, etc | c1986-c1988. |
| 300 ## - PHYSICAL DESCRIPTION | |
| Pagination | 3 v. ; |
| Dimensions | 23 cm |
| 490 1# - SERIES STATEMENT | |
| Series statement | South Asia studies series ; |
| Volume number/sequential designation | 12-14 |
| 504 ## - BIBLIOGRAPHY, ETC. NOTE | |
| Bibliography, etc | Includes bibliographies |
| 505 1# - FORMATTED CONTENTS NOTE | |
| Formatted contents note | v. 1. History and culture -- v. 2. Domestic politics -- v. 3. Global politics |
| 650 #0 - SUBJECT ADDED ENTRY--TOPICAL TERM | |
| Topical term or geographic name as entry element | Language and culture |
| Geographic subdivision | Bangladesh. |
| 650 #0 - SUBJECT ADDED ENTRY--TOPICAL TERM | |
| Topical term or geographic name as entry element | Congresses and conventions |
| Geographic subdivision | Bangladesh. |
| 651 #0 - SUBJECT ADDED ENTRY--GEOGRAPHIC NAME | |
| Geographic name | Bangladesh |
| General subdivision | Politics and government |
| Chronological subdivision | 1971- |
| General subdivision | Congresses |
| 651 #0 - SUBJECT ADDED ENTRY--GEOGRAPHIC NAME | |
| Geographic name | Bangladesh |
| General subdivision | History |
| 651 #0 - SUBJECT ADDED ENTRY--GEOGRAPHIC NAME | |
| Geographic name | Bangladesh |
| General subdivision | Religion |
| 700 1# - ADDED ENTRY--PERSONAL NAME | |
| Personal name | Ahmed, Noazesh |
| 700 1# - ADDED ENTRY--PERSONAL NAME | |
| Personal name | Ahmed, Naib Uddin |
| 830 #0 - SERIES ADDED ENTRY--UNIFORM TITLE | |
| Uniform title | South Asia studies series ; |
| Volume number/sequential designation | 12-14 |
| 942 ## - ADDED ENTRY ELEMENTS (KOHA) | |
| Source of classification or shelving scheme | Dewey Decimal Classification |
| Koha item type | Reference |
| Source of classification or shelving scheme | Damaged status | Not for loan | Home library | Current library | Shelving location | Date of accession | Total Checkouts | Full call number | Barcode | Date last seen | Copy number | Koha item type |
|---|---|---|---|---|---|---|---|---|---|---|---|---|
| Dewey Decimal Classification | JCC Rouf Library | JCC Rouf Library | General Stacks | 04/03/2018 | 954.9/2 BAN 1986 | 13417 | 04/03/2018 | C-1 | Reference |